ბათუმის შოთა რუსთაველის სახელმწიფო უნივერსიტეტის ბიბლიოთეკა

География в античное время : (ბიბ.ჩანაწერი № 60896)

000 -LEADER
fixed length control field 00693nam a22001697a 4500
005 - DATE AND TIME OF LATEST TRANSACTION
control field 20231115125118.0
008 - FIXED-LENGTH DATA ELEMENTS--GENERAL INFORMATION
fixed length control field 231115s1980 ru ||||| |||| 00| 0 rus d
041 ## - LANGUAGE CODE
Language code of text/sound track or separate title rus
080 ## - UNIVERSAL DECIMAL CLASSIFICATION NUMBER
Universal Decimal Classification number 91(09) Д-49
100 ## - MAIN ENTRY--PERSONAL NAME
Personal name Дитмар, А. Б.
9 (RLIN) 20392
245 ## - TITLE STATEMENT
Title География в античное время :
Remainder of title (Очерки развития физико-географических идей) /
Statement of responsibility, etc. А. Б. Дитмар.
264 ## - PRODUCTION, PUBLICATION, DISTRIBUTION, MANUFACTURE, AND COPYRIGHT NOTICE
Place of production, publication, distribution, manufacture М.:
Name of producer, publisher, distributor, manufacturer Мысль,
Date of production, publication, distribution, manufacture, or copyright notice 1980.
300 ## - PHYSICAL DESCRIPTION
Extent 148 с.
Other physical details ил.;
Dimensions 22 см.
653 ## - INDEX TERM--UNCONTROLLED
keyword გეოგრაფია ძველ დროში
653 ## - INDEX TERM--UNCONTROLLED
keyword ფიზიკურ-გეოგრაფიული იდეები
942 ## - ADDED ENTRY ELEMENTS (KOHA)
Source of classification or shelving scheme
Koha item type წიგნი
ეგზემპლარები
Withdrawn status Lost status Source of classification or shelving scheme Damaged status Not for loan Permanent Location Current Location Shelving location Date acquired Cost, normal purchase price Full call number Barcode Date last seen Copy number Uniform Resource Identifier Price effective from Koha item type Public note
          ბათუმის შოთა რუსთაველის სახელმწიფო უნივერსიტეტის მთავარი ბიბლიოთეკა ბათუმის შოთა რუსთაველის სახელმწიფო უნივერსიტეტის მთავარი ბიბლიოთეკა წიგნსაცავი 2023-11-15 6.00 91(09) Д-49 65443 2023-11-15 65443 ბსუ-ს საპატიო დოქტორის გურამ ლორთქიფანიძის საჩუქარი 2023-11-15 წიგნი 6 ლ.